000 00440nam a2200181Ia 4500
001 13451
005 20260306164802.0
008 260306t1996||||xx |||||||||||||| ||spa||
041 _aESP
082 _aS 004.2
_bH28
100 _aHayes, John P.
_eAUT
245 0 _aIntroducción al diseño lógico digital
260 _c1996
300 _axvii, 941 páginas :
_c23 cm.
650 _aGEN
654 _aCCC
942 _cLIB
_dJUS
_fJUS
_2ddc
_n
999 _c13451
_d13451